| 000 | 00915nac a22002777a 4500 | ||
|---|---|---|---|
| 001 | BR8305003 | ||
| 003 | BR-BrBNA | ||
| 005 | 20240105115838.0 | ||
| 008 | 230509b bl.|||m| |||| 00| 0 por d | ||
| 040 |
_aBR-BrBNA _bpor _cBiblioteca Nacional de Agricultura |
||
| 072 | _aL30 | ||
| 090 | _a5212 BR8305003 | ||
| 100 | 1 | _aMatos, L.L. de | |
| 100 | 1 | _aRodrigues, A. de A. | |
| 110 | 1 |
_aCentro Nacional de Pesquisa de Gado de Leite, Coronel Pacheco, MG (Brasil) _91775 |
|
| 245 | 1 | _aDesaleitamento precoce de bezerros [nutricao animal] | |
| 260 | 3 |
_aCoronel Pacheco, MG (Brasil): _c1983. |
|
| 300 | _a21 p. | ||
| 490 |
_aCircular Tecnica - Centro Nacional de Pesquisa de Gado de Leite (Brazil) _vno. 20 _xISSN 0100-8757 |
||
| 500 | _a3 tables; 30 ref. | ||
| 650 | _aNUTRICAO ANIMAL | ||
| 650 | _aBEZERRO | ||
| 650 | _aDESMAMA | ||
| 909 |
_a202312 _bLúcia Elande _c55 _dLúcia Elande |
||
| 942 |
_2AGRIS _n0 _cMS |
||
| 999 |
_c276676 _d276676 |
||